| 000 | 01330nam a22002417a 4500 | ||
|---|---|---|---|
| 999 |
_c3099 _d3099 |
||
| 005 | 20231006155701.0 | ||
| 008 | 231006b ||||| |||| 00| 0 eng d | ||
| 020 | _a9781250158697 | ||
| 040 | _cKH8 | ||
| 082 | _aFIC CAB | ||
| 100 |
_aCabot, Meg _eAuthor |
||
| 245 |
_aRoyal crush _cMeg Cabot |
||
| 250 | _aFirst Square Fish edition | ||
| 260 |
_aNew York, _bFeiwel & Friends, an imprint of Macmillan Publishing Group, LLC, _c2018 |
||
| 300 |
_a314 pages : _billustrations ; _c20 cm. |
||
| 440 |
_aFrom the notebooks of a middle school princess, _v bk. 3 |
||
| 520 | _aBeing the newest princess of Genovia is way more complicated than she expected, but Olivia Grace Clarisse Mignonette Harrison is getting used to it. She gets to live in an actual palace with two fabulous poodles, a pet iguana, her very own pony, and, best of all, a loving family to help her figure things out! And right now Olivia, having finally admitted that she likes Prince Khalil as more than just a friend, could really use some advice. What is a princess supposed to do once she's found a prince she likes? With her half-sister Mia busy enjoying her honeymoon, Olivia turns to Grandmere for help | ||
| 650 | _aChildren's stories | ||
| 650 | _aDiaries | ||
| 650 | _aDiaries Fiction | ||
| 700 |
_aCabot, Meg _eIllustrator |
||
| 942 |
_2ddc _cFIC |
||